000 01209cam a2200229 4500
001 WB@3612-886
008 041012n2004 000 0 eng u
035 _a(Sirsi) u127666
245 _aWaste research
260 _c2004
490 _aDEFRA News Release
_v(395/04) 11 October 2004 (3)
520 _aDEFRA has announced £1.35m funding for research focused on novel ways to divert biodegradable waste from landfill sites. The research will be in innovative technologies and processes that will help to meet England's obligations to reduce the amount of biodegradable waste - including kitchen, garden and paper waste - going into landfill sites. As well as exploring new treatment options to reduce the amount of waste going to landfill, the research programme will investigate techniques to speed up the production of composting and ways to produce clean hydrogen energy from waste. http://www.gnn.gov.uk/Content/Detail.asp?ReleaseID =131789&NewsAreaID=2
590 _aWB
590 _aWB
650 _aWASTE STRATEGY
650 _aBIODEGRADABLE WASTE
650 _aLANDFILL SITES
650 _aHOUSEHOLD WASTE
650 _aMUNICIPAL SERVICES
690 _aWASTE MANAGEMENT
942 _n0
999 _c118138
_d118138